| 000 | 00656nam a2200217 i 4500 | ||
|---|---|---|---|
| 001 | 80376 | ||
| 003 | ES-MaACL | ||
| 005 | 20230906174213.0 | ||
| 007 | t| | ||
| 008 | 041027s1956 sp ||||1| spa d | ||
| 100 | 1 |
_aHighet, Gilbert. _963641 |
|
| 245 | 1 | 3 |
_aLa fuerza de las ideas / _cGilbert Highet ; [versión española de J.F. Yáñez]. |
| 260 |
_aBarcelona : _bHispano Europea, _c[1956] ( _fLa Académica) |
||
| 300 |
_a84 p. ; _c21 cm. |
||
| 490 | 1 | _aGalileo | |
| 700 | 1 |
_aFernández-Yáñez, Julio. _950195 |
|
| 830 | 0 |
_aGalileo _9182278 |
|
| 852 |
_aES-MaACL _jC-11852 _bR.39825 |
||
| 852 |
_aES-MaACL _jC-24634 _bR.53523 |
||
| 999 |
_c80376 _d80376 |
||